Taylor Swift mystery lyrics #91 - Statistics

General Stats
  • This quiz has been taken 61 times
  • The average score is 400 of 476
Answer Stats
Answer % Correct
a
100%
and
100%
And
100%
I
100%
in
100%
In
100%
you
100%
You
100%
It
98%
it
98%
me
98%
the
98%
The
98%
we
95%
We
95%
where
95%
your
95%
my
93%
to
93%
was
93%
He
91%
he
91%
of
91%
but
89%
But
89%
car
89%
get
89%
getaway
89%
love
89%
No
89%
no
89%
on
89%
were
89%
we're
89%
We're
89%
be
86%
Go
86%
go
86%
it's
86%
It's
86%
they
86%
time
86%
drivin'
84%
I'd
84%
I'm
84%
like
84%
never
84%
That
84%
win
84%
Don't
82%
him
82%
nothin'
82%
There
82%
us
82%
ever
80%
far
80%
first
80%
knew
80%
Old
80%
place
80%
saw
80%
about
77%
best
77%
crimes
77%
good
77%
heart
77%
just
77%
last
77%
leave
77%
met
77%
see
77%
shot
77%
starts
77%
Think
77%
times
77%
bar
75%
beat
75%
cursed
75%
fell
75%
mystery
75%
Oh
75%
oh
75%
such
75%
worst
75%
apart
73%
dark
73%
didn't
73%
from
73%
had
73%
left
73%
marks
73%
pretend
73%
Said
73%
shotgun
73%
sirens
73%
spot
73%
story
73%
we'd
73%
X
73%
Fashioned
70%
flyin'
70%
money
70%
Should've
70%
side
70%
sorry
70%
stole
70%
three
70%
well
70%
bag
68%
Bonnie
68%
both
68%
'Cause
68%
Clyde
68%
cryin'
68%
for
68%
keys
68%
motel
68%
now
68%
poisoned
68%
screamin'
68%
surprise
68%
break
66%
hit
66%
known
66%
needed
66%
other
66%
prison
66%
reason
66%
Ridin'
66%
ridin'
66%
sideshow
66%
switched
66%
traitors
66%
black
64%
blew
64%
dyin'
64%
mean
64%
mind
64%
Put
64%
turned
64%
wanted
64%
white
64%
with
64%
every
61%
goodbye
61%
great
61%
honey
61%
man
61%
match
61%
struck
61%
Until
61%
candlelight
59%
drinkin'
59%
escape
59%
jet-set
59%
lies
59%
thinkin'
59%
weren't
59%
ain't
57%
light
57%
myself
57%
runnin'
57%
after
55%
ah
55%
circus
55%
freedom
55%
himself
52%
lyin'
50%
ties
50%
gray
48%
shades
48%
face
45%
While
36%
No matching quizzes found
Score Distribution
Percent of People with Each Score
Percentile by Number Answered
Your Score History
You have not taken this quiz